| 000 | 005220000a22001810004500 | ||
|---|---|---|---|
| 001 | 003370 | ||
| 003 | MACL | ||
| 005 | 20150705151306.0 | ||
| 008 | 150705b xxu||||| |||| 00| 0 eng d | ||
| 040 |
_aMACL _cMACL |
||
| 041 | _aEnglish | ||
| 100 |
_aOlivelle, Patrick _9909 |
||
| 245 |
_aThe Asrama System _bThe History And Hermeneutics Of a Religious Institution _cPatrick Olivelle |
||
| 260 |
_aMunshiram Manoharlal Publishers, _c2004 _bNew Delhi |
||
| 350 | _a450 | ||
| 650 |
_aSocial Science _929 |
||
| 942 |
_k307 _cBK _2ddc |
||
| 999 |
_c15272 _d15272 |
||